Central Library OPAC University of Rajshahi

Accounting in business decisions : theory, method, and use / (Record no. 62849)

MARC details
000 -LEADER
fixed length control field 00772nam a22002412a 4500
001 - CONTROL NUMBER
control field 62849
003 - CONTROL NUMBER IDENTIFIER
rucl marc code BD-RjUL
005 - DATE AND TIME OF LATEST TRANSACTION
control field 20211209081129.0
008 - FIXED-LENGTH DATA ELEMENTS--GENERAL INFORMATION
fixed length control field 190316r19641961njua b 000 0 eng d
035 ## - SYSTEM CONTROL NUMBER
System control number (BD-RjUL)62977
040 ## - CATALOGING SOURCE
Original cataloging agency DLC
Transcribing agency DLC
Modifying agency EQO
-- BD-RjUL
Language of cataloging eng
041 ## - LANGUAGE CODE
Language code of text/sound track or separate title eng
082 ## - DEWEY DECIMAL CLASSIFICATION NUMBER
Edition number 23
Classification number 657
Author mark and year BLA 1964
100 1# - MAIN ENTRY--PERSONAL NAME
Personal name Black, Homer A.,
Dates associated with a name 1923-
9 (RLIN) 229417
245 10 - TITLE STATEMENT
Title Accounting in business decisions : theory, method, and use /
Statement of responsibility, etc. [by] Homer A. Black, John E. Champion .
260 ## - PUBLICATION, DISTRIBUTION, ETC. (IMPRINT)
Place of publication, distribution, etc. Englewood Cliffs, N.J :
Name of publisher, distributor, etc. Prentice-Hall,
Date of publication, distribution, etc. 1961 [Printing 1964]
300 ## - PHYSICAL DESCRIPTION
Pagination xvii, 812 p.:
Illustrations illus.;
Size 24 cm
500 ## - GENERAL NOTE
General note Includes index
650 #0 - SUBJECT ADDED ENTRY--TOPICAL TERM
Topical term or geographic name as entry element Accounting
9 (RLIN) 229418
Topical term or geographic name as entry element Industrial management
9 (RLIN) 229419
700 1# - ADDED ENTRY--PERSONAL NAME
Personal name Champion, John E.
942 ## - ADDED ENTRY ELEMENTS (KOHA)
Source of classification or shelving scheme Dewey Decimal Classification
Koha item type Books
Holdings
Lost status Source of classification or shelving scheme Damaged status Not for loan Collection code Permanent Location Current Location Shelving location Date acquired Source of acquisition Cost, normal purchase price Total Checkouts Full call number Date last seen Copy number Koha item type
  Dewey Decimal Classification   Not For Loan Non-fiction Central Library, University of Rajshahi Central Library, University of Rajshahi Reading Room 12/09/1967 Swets & Zeitlinger 76.00   657 BLA 1964 16/03/2019 C-1 Books